Learning the media : an introduction to media teaching (Record no. 230795)

MARC details
000 -LEADER
fixed length control field 00621nam a2200205Ia 4500
008 - FIXED-LENGTH DATA ELEMENTS--GENERAL INFORMATION
fixed length control field 191130s1987##################000#0#eng##
020 ## - INTERNATIONAL STANDARD BOOK NUMBER
ISBN 9780333305225
082 ## - DEWEY DECIMAL CLASSIFICATION NUMBER
Classification number 302.2340 ALV
100 ## - MAIN ENTRY--AUTHOR NAME
Personal name Alvarado, Manuel
245 ## - TITLE STATEMENT
Title Learning the media : an introduction to media teaching
Statement of responsibility, etc Manuel alvarado et.al
260 ## - PUBLICATION, DISTRIBUTION, ETC. (IMPRINT)
Place of publication London
Name of publisher Macmillan
Year of publication 1987
300 ## - PHYSICAL DESCRIPTION
Number of Pages ix.,306p ;ill ;23cm
500 ## - GENERAL NOTE
General note Includes bibliographical references
650 ## - SUBJECT ADDED ENTRY--TOPICAL TERM
Topical Term Great Britain
Topical Term Mass media--Study and teaching
991 ## -
-- 230498
Holdings
Withdrawn status Lost status Damaged status Not for loan Home library Current library Shelving location Date acquired Full call number Accession Number Price effective from Koha item type
        Anna Centenary Library Anna Centenary Library 3RD FLOOR, B WING 13.10.2020 302.2340 ALV 308564 13.10.2020 English Books

Find us on the map